000 00747nas a2200241 4500
001 BR9901831
003 BR-BrBNA
005 20231205101348.0
007 ta
008 230509b bl.|||p| |||| 00| 00por d
040 _aBR-BrBNA
_bpor
_cBiblioteca Nacional de Agricultura
041 _a(Pt)
072 _aL40
100 1 _aRieger, P.J.
245 1 _aDesenvolvimento larval de Uca (Minuca)Burgersi holthuis (Crustacea, Decapoda, Ocypodidae), em laboratorio
650 _aCrustaceo
650 _aMorfologia
650 _aLarva
650 _aMetamorfose
773 0 _tRevista Brasileira de Zoologia (Brazil)
_xISSN 0101-8175
_g(Sep 1998), v. 15(3) p. 727-756
_wBR9901831
909 _a202311
_bLúcia
_c55
_dLúcia Elande
942 _2AGRIS
_n0
_cANA
999 _c161367
_d161367